| 000 | 00661nam a2200205 u 4500 | ||
|---|---|---|---|
| 005 | 20230623063559.0 | ||
| 008 | 090521s2003 pe r 000 0 spa d | ||
| 020 | _a9978807772 | ||
| 035 | _aUPN01000170561 | ||
| 049 | _aI | ||
| 050 | 4 |
_aPZ74.9 _bCH3.2 |
|
| 100 | 1 |
_aChávez Castañeda, Ricardo, _d1961- _931081 |
|
| 245 | 1 | 3 |
_aEl beso más largo del mundo / _cRicardo Chávez Castañeda. |
| 260 |
_aQuito : _bLibresa, _c2003. |
||
| 300 |
_a90 p. : _bil. |
||
| 440 | 0 |
_aMitad del mundo ; _v33 |
|
| 586 | _aConcurso Internacional de Literatura Infantil Julio C. Coba-LIBRESA. Premio 2003 | ||
| 650 | 4 |
_aCuentos infantiles mexicanos _97723 |
|
| 905 | _aInfantil | ||
| 999 |
_c142666 _d142666 |
||